• 首页
  • 本馆介绍
  • 公告通知
  • 最新文献
  • 馆藏检索
  • 电子资源
  • 读者导购
  • 参考咨询
  • 我的图书馆
  • 登录
  • 详细信息显示
  • 放入我的书架
  • 预约/预借图书
  • 作者相关作品
  • 分类相关作品
  • 丛书相关作品
  • 出版社相关作品

书目信息

  • 表格格式
  • 工作单格式
  • 卡片格式
题名:
陶瓷雕塑艺术风格研究
    
 
作者: 夏金凤 著
分册:  
出版信息: 长春   吉林美术出版社  2020.1
页数: 272页
开本: 24cm
丛书名:
单 册:
中图分类: J314.8
科图分类:
主题词: 陶瓷--雕塑--艺术风格--研究--中国
电子资源:
ISBN: 978-7-5575-3559-9
000 01274nam0 2200253 45
001 489839
005 20140818180844.0
010    @a978-7-5575-3559-9@dCNY65.00
099    @aCAL 012019106027
100    @a20190905d2018 em y0chiy0110 ea
101 0  @achi
102    @aCN@b220000
105    @aa a 000yy
106    @ar
200 1  @a陶瓷雕塑艺术风格研究@Atao ci diao su yi shu feng ge yan jiu@f夏金凤著
210    @a长春@c吉林美术出版社@d2020.1
215    @a272页@c图@d24cm
320    @a有书目 (第270-272页)
330    @a由于社会不断进步, 人们的审美需求越来越高, 现代社会雕塑者追求城市化带来的经济利益, 做出的皆是具象的、抽象的、极限主义的夸张雕塑, 对动物雕塑的写实少之甚少, 没有了传统写实, 这是现代人面临着空前严重的精神失衡。本是拟通过对汉代动物陶塑的艺术风格及成因进行深入探讨, 把汉代动物陶塑形成特点与艺术风格进行研究和总结, 并以考古资料作为基础, 广泛搜集相关文献、社会生活史的资料, 探索动物陶塑艺术品之题材、内容、特点和工艺等, 揭示它们成型背后所折射出来的历史文化的深刻内涵, 对现代创作雕塑有一个很好的认知与提升。该专著主要从动物陶瓷雕塑和人物陶瓷雕塑两个方面进行艺术风格研究。
606 0  @a陶瓷@x雕塑@x艺术风格@x研究@y中国
690    @aJ314.8@v5
701  0 @a夏金凤@Axia jin feng@4著
801    @aCN@b江苏凤凰@c20211018
905    @b1356580-3@dJ314.8@e52@f4
    
    陶瓷雕塑艺术风格研究/夏金凤著.-长春:吉林美术出版社,2020.1
    272页:图;24cm
    
    
    ISBN 978-7-5575-3559-9:CNY65.00
    由于社会不断进步, 人们的审美需求越来越高, 现代社会雕塑者追求城市化带来的经济利益, 做出的皆是具象的、抽象的、极限主义的夸张雕塑, 对动物雕塑的写实少之甚少, 没有了传统写实, 这是现代人面临着空前严重的精神失衡。本是拟通过对汉代动物陶塑的艺术风格及成因进行深入探讨, 把汉代动物陶塑形成特点与艺术风格进行研究和总结, 并以考古资料作为基础, 广泛搜集相关文献、社会生活史的资料, 探索动物陶塑艺术品之题材、内容、特点和工艺等, 揭示它们成型背后所折射出来的历史文化的深刻内涵, 对现代创作雕塑有一个很好的认知与提升。该专著主要从动物陶瓷雕塑和人物陶瓷雕塑两个方面进行艺术风格研究。
●
相关链接 在E读中查询图书 在五车中查询图书 在当当中查询图书 在豆瓣中查询图书


正题名:陶瓷雕塑艺术风格研究     索取号:J314.8/52         预约/预借

序号 登录号 条形码 馆藏地/架位号 状态 备注
1 1356580   213565809   第一样本阅览室/ [索取号:J314.8/52] 在馆    
2 1356581   213565818   第一借阅区/ [索取号:J314.8/52] 在馆    
3 1356582   213565827   第一借阅区/ [索取号:J314.8/52] 在馆    
4 1356583   213565836   第一借阅区/ [索取号:J314.8/52] 在馆    
唐山师范学院图书馆 欢迎您!
大连网信软件有限公司© 版权所有